[Event "Challenge"]
[Site "http://www.queenalice.com/game.php?id=1620940"]
[Date "2020.7.19"]
[Round "-"]
[White "Mikalus"]
[Black "oldmoreton"]
[Result "1-0"]
[WhiteElo "1819"]
[BlackElo "1096"]

1. e4 e5 2. Nf3 d6 3. Nc3 Bg4 4. Be2 Nc6 5. d3 Qd7 6. Nd5 O-O-O 7. Bd2 Nf6 8.
Ng5 Be6 9. Nxe6 fxe6 10. Nb4 Nxb4 11. Bxb4 d5 12. Bxf8 Rhxf8 13. Qd2 dxe4 14.
O-O-O exd3 15. Bxd3 Qa4 16. Kb1 e4 17. Qe3 b6 18. Be2 Nd5 19. Qb3 Qa5 20. Bg4
Rd6 21. c4 Nf4 22. g3 h5 23. c5 Qxc5 24. gxf4 Qxf2 25. Bxe6+ Kb8 26. f5 Rxd1+
27. Rxd1 Qxh2 28. Qb4 c5 29. Qxe4 h4 30. Rh1 Qd2 31. Qe5+ Ka8 32. Bd5+ Qxd5 33.
Qxd5+ Kb8 34. Qd6+ 1-0

[Event "MvM"]
[Site "http://www.queenalice.com/game.php?id=1621068"]
[Date "2020.7.21"]
[Round "-"]
[White "Donyelko"]
[Black "oldmoreton"]
[Result "1-0"]
[WhiteElo "2088"]
[BlackElo "1100"]

1. d4 d5 2. c4 dxc4 3. e4 Nf6 4. Bxc4 Nxe4 5. Be3 f5 6. Nc3 Nd6 7. Bb3 b6 8. Nf3
Qd7 9. Ne5 Qd8 10. Bd5 Bb7 11. Bxb7 Nxb7 12. Qh5+ g6 13. Nxg6 Rg8 14. Ne5+ Rg6
15. Nxg6 hxg6 16. Qxg6+ Kd7 17. Qxf5+ e6 18. Qf7+ Kd6 19. Bf4+ e5 20. Bxe5+ Kc6
21. Qe6+ Nd6 22. Qd5+ 1-0

[Event "please don't try that shit again"]
[Site "http://www.queenalice.com/game.php?id=1622418"]
[Date "2020.8.1"]
[Round "-"]
[White "oldmoreton"]
[Black "Donyelko"]
[Result "0-1"]
[WhiteElo "1098"]
[BlackElo "2037"]

1. d4 e6 2. c3 d5 3. Qa4+ Bd7 4. Qb3 b6 5. e3 c5 6. c4 Nf6 7. Nc3 Bc6 8. Bd2 Bd6
9. O-O-O cxd4 10. cxd5 dxc3 11. dxc6 cxd2+ 12. Rxd2 Qc7 13. Bb5 O-O 14. Rc2 a6
15. Bd3 b5 16. Nf3 Nd5 17. Ng5 g6 18. Rd1 Nb4 19. Rcd2 N8xc6 20. Kb1 Nxd3 21.
Rxd3 Be7 22. Rd7 Qxh2 23. Nxe6 Qxg2 24. Nxf8 Kxf8 25. f4 Qe4+ 26. Ka1 Rd8 27.
Rxd8+ Nxd8 28. a3 h5 29. Rd4 Qc6 30. Qd3 Qc8 31. Rd5 Bf6 32. Qb1 Qc4 33. e4 Ne6
34. f5 Nf4 35. Rd6 Qa4 36. Rxf6 b4 37. fxg6 Nxg6 38. e5 Nxe5 39. Qe4 Qd1+ 40.
Qb1 Qa4 41. Rf5 bxa3 42. Rxe5 axb2+ 43. Kxb2 Qd4+ 44. Ka3 Qxe5 45. Qb4+ Qe7 46.
Ka4 Qxb4+ 0-1

[Event "More of the same if you will"]
[Site "http://www.queenalice.com/game.php?id=1623838"]
[Date "2020.8.14"]
[Round "-"]
[White "Donyelko"]
[Black "oldmoreton"]
[Result "1-0"]
[WhiteElo "1991"]
[BlackElo "1094"]

1. d4 d5 2. c4 e6 3. Nc3 Be7 4. Nf3 Nf6 5. Bf4 O-O 6. e3 Bb4 7. Bd3 Re8 8. O-O
Ng4 9. Qc2 g6 10. a3 Bxc3 11. Qxc3 Nc6 12. h3 Nf6 13. Bh6 dxc4 14. Bxc4 Nd5 15.
Qd2 a6 16. e4 Nb6 17. Ba2 e5 18. d5 Ne7 19. Nxe5 f5 20. d6+ Kh8 21. dxe7 Qxe7
22. Nf7+ Qxf7 23. Bxf7 Bd7 24. Qd4+ Re5 25. Qxe5# 1-0

[Event "I wish you would stop cheating.."]
[Site "http://www.queenalice.com/game.php?id=1624117"]
[Date "2020.8.17"]
[Round "-"]
[White "oldmoreton"]
[Black "Mikalus"]
[Result "0-1"]
[WhiteElo "1092"]
[BlackElo "1817"]

1. d4 d5 2. e3 e6 3. Bd3 c5 4. Nf3 c4 5. Be2 Nf6 6. Ne5 Bd6 7. b3 b5 8. O-O O-O
9. Na3 a6 10. h3 Ne4 11. Bb2 c3 12. Bc1 b4 13. Nb1 a5 14. Bf3 Ba6 15. Be2 f6 16.
Bxa6 fxe5 17. dxe5 Bxe5 18. Bd3 Ng5 19. f4 Nxh3+ 20. Kh2 Qh4 21. Qe1 Qh6 22.
fxe5 Nc6 23. Rxf8+ Rxf8 24. gxh3 Nxe5 25. Be2 Qg6 26. Bd3 Qf6 27. Qg3 h5 28. a3
h4 29. Qg2 Nf3+ 30. Kh1 Ne1 31. Qe2 Nf3 32. axb4 Qg5 33. Qd1 Qg3 34. Qxf3 Qxf3+
35. Kg1 Qxh3 36. Nxc3 Qg3+ 37. Kh1 Rf2 0-1

[Event "The March of the Black Queen"]
[Site "http://www.queenalice.com/game.php?id=1624256"]
[Date "2020.8.20"]
[Round "-"]
[White "Donyelko"]
[Black "oldmoreton"]
[Result "1-0"]
[WhiteElo "2004"]
[BlackElo "1090"]

1. g3 d5 2. Bg2 e6 3. d4 Nc6 4. Nf3 b6 5. O-O Ba6 6. Re1 Qf6 7. e4 O-O-O 8. Bg5
Qg6 9. Bxd8 Kxd8 10. exd5 exd5 11. Ne5 Nxe5 12. Rxe5 c6 13. b3 f6 14. Re6 Kd7
15. Bh3 Kc7 16. Re1 b5 17. a4 b4 18. Qc1 Qh6 19. Qxh6 Nxh6 20. Bf1 Bc8 21. c4
Bf5 22. cxd5 cxd5 23. Nd2 g5 24. Re8 Ng4 25. h3 Nh6 26. g4 Bd7 27. Rc1+ Kd6 28.
Ra8 f5 29. Rxa7 fxg4 30. hxg4 Nxg4 31. Nf3 Bh6 32. Ne5 Nxe5 33. dxe5+ Ke6 34.
Bh3+ Kxe5 35. Rxd7 d4 36. Re1+ Kf6 37. Re6# 1-0

[Event "thx for the defence lesson..."]
[Site "http://www.queenalice.com/game.php?id=1625391"]
[Date "2020.8.29"]
[Round "-"]
[White "oldmoreton"]
[Black "Mikalus"]
[Result "0-1"]
[WhiteElo "1086"]
[BlackElo "1849"]

1. d4 d5 2. Nf3 e6 3. e3 c5 4. g3 Nc6 5. Nc3 c4 6. b3 Qa5 7. Bd2 b5 8. Bg2 b4 9.
Bc1 bxc3 10. bxc4 Nf6 11. cxd5 exd5 12. O-O Bg4 13. a4 Bb4 14. h3 Bh5 15. g4
Nxg4 16. hxg4 Bxg4 17. Qe1 O-O 18. Ng5 h6 19. f3 Bd7 20. Nh3 Qc7 21. f4 Ne7 22.
Ba3 Bxa3 23. Rxa3 Rac8 24. e4 dxe4 25. Qxe4 Bf5 26. Qe2 Ng6 27. Bd5 Bxh3 28. Rf2
Rce8 29. Qf3 Bf5 30. Rxc3 Qa5 31. Rc4 Ne7 32. Qh5 Qxd5 33. Qe2 Ng6 34. c3 Rxe2
35. Rxe2 Bd3 36. Rc5 Qxc5 37. dxc5 Bxe2 38. Kf2 Nxf4 39. Kg3 g5 40. c6 Rc8 41.
a5 Rxc6 0-1

[Event "Why you B-H-F"]
[Site "http://www.queenalice.com/game.php?id=1625434"]
[Date "2020.8.30"]
[Round "-"]
[White "oldmoreton"]
[Black "Donyelko"]
[Result "0-1"]
[WhiteElo "1088"]
[BlackElo "2027"]

1. Nf3 d5 2. d4 g6 3. e3 Bg7 4. c4 Nf6 5. c5 Nc6 6. Bd3 b6 7. Bb5 Bd7 8. cxb6
axb6 9. Nc3 O-O 10. O-O Re8 11. Ne5 Nxe5 12. Qb3 Bxb5 13. Nxb5 Nc4 14. Nc3 c5
15. Rd1 e6 16. e4 Na5 17. Qc2 c4 18. exd5 exd5 19. Bg5 Qd7 20. b3 Ne4 21. Bf4
Nxc3 22. Qxc3 Re4 23. Bg5 Nc6 24. Be3 b5 25. f3 Re6 26. a4 b4 27. Qd2 c3 28. Qd3
Rae8 29. Bf2 Re2 30. Re1 Rb2 31. Rab1 Rd2 32. Qf1 Bxd4 33. Bxd4 Nxd4 34. Red1
Rxd1 35. Rxd1 Nxb3 36. h3 c2 37. Rc1 Nxc1 38. Qxc1 b3 39. Kh2 Qxa4 40. Kg3 d4
41. f4 Qd7 42. Qb2 Qd5 43. Kf2 d3 44. Qg7+ Kxg7 0-1

[Event "the age in your profile is wrong"]
[Site "http://www.queenalice.com/game.php?id=1626356"]
[Date "2020.9.8"]
[Round "-"]
[White "oldmoreton"]
[Black "Donyelko"]
[Result "0-1"]
[WhiteElo "1084"]
[BlackElo "1950"]

1. d4 c5 2. dxc5 e6 3. b4 Nc6 4. Bd2 d5 5. a4 g6 6. a5 Bg7 7. c3 Nxb4 8. Ra4 Nc6
9. c4 d4 10. e3 dxe3 11. fxe3 Qh4+ 12. g3 Qe4 13. Nf3 Nd4 14. Bg2 Nxf3+ 15. Bxf3
Qd3 16. c6 Rb8 17. cxb7 Bxb7 18. Be2 Qd7 19. O-O Ne7 20. Nc3 O-O 21. Bg4 Qc6 22.
Bh3 Qh1+ 23. Kf2 Qxh2+ 24. Ke1 Qxg3+ 25. Rf2 Qxh3 26. Nb5 Bc6 27. Bb4 Bxb5 28.
cxb5 Qxe3+ 29. Re2 Qg1+ 30. Kd2 Rfd8+ 31. Kc2 Qxd1# 0-1

[Event "Challenge"]
[Site "http://www.queenalice.com/game.php?id=1627057"]
[Date "2020.9.15"]
[Round "-"]
[White "oldmoreton"]
[Black "Carlos19"]
[Result "1-0"]
[WhiteElo "1082"]
[BlackElo "1100"]

1. d4 e6 2. c3 d5 3. Nf3 Nc6 4. g3 g6 5. Bg5 f6 6. Bd2 h5 7. Bg2 b6 8. Qa4 Bd7
9. Nh4 Nxd4 10. Qxd4 e5 11. Qxd5 c6 12. Qb3 g5 13. Ng6 Ne7 14. Nxh8 Nd5 15. e4
Nc7 16. Qf7# 1-0

[Event "Big Mac Attack HaHaHaHa"]
[Site "http://www.queenalice.com/game.php?id=1627081"]
[Date "2020.9.15"]
[Round "-"]
[White "Donyelko"]
[Black "oldmoreton"]
[Result "1-0"]
[WhiteElo "1978"]
[BlackElo "1109"]

1. d4 d5 2. c4 c6 3. c5 Nd7 4. b4 b5 5. a4 Ba6 6. Nc3 e5 7. e4 exd4 8. Qxd4 Ngf6
9. exd5 Nb8 10. d6 h6 11. axb5 Bxb5 12. Nxb5 cxb5 13. Bxb5+ Nfd7 14. Qe4+ Be7
15. Qxa8 Bf6 16. Bxd7+ Nxd7 17. Qxd8+ Kxd8 18. Rxa7 Nxc5 19. Ra8+ Kd7 20. Rxh8
Nd3+ 21. Kf1 Nxc1 22. Ne2 Nd3 23. g3 Nxb4 24. Kg2 g5 25. Rb8 Nd5 26. Rd1 Kxd6
27. f4 Bg7 28. Rd8+ Ke6 29. R1xd5 Bf6 30. f5+ Ke7 31. R5d7# 1-0

[Event "Challenge"]
[Site "http://www.queenalice.com/game.php?id=1627107"]
[Date "2020.9.16"]
[Round "-"]
[White "oldmoreton"]
[Black "Carlos19"]
[Result "1-0"]
[WhiteElo "1099"]
[BlackElo "961"]

1. d4 d5 2. e3 Nf6 3. g3 g6 4. Nf3 h5 5. Ne5 Bh6 6. c4 dxc4 7. Bxc4 a6 8. Nxf7
Qd7 9. Nxh8 Qc6 10. O-O b5 11. Bf7+ Kd7 12. Nxg6 Bb7 13. Ne5+ Kd8 14. Nxc6+ Bxc6
15. Nc3 b4 16. Na4 Nbd7 17. a3 bxa3 18. bxa3 Bb5 19. Re1 e5 20. dxe5 Ke7 21. e6
Ne5 22. f4 Re8 23. fxe5 Rd8 24. Qf3 Nd5 25. Qxh5 Bg7 26. Qg5+ Bf6 27. exf6+ Nxf6
28. Qc5+ Rd6 29. Qxc7+ Kf8 30. Qxd6+ Kg7 31. Bb2 Bxa4 32. Bxf6+ Kxf6 33. Rf1+
Kg7 34. Qd4+ Kf8 35. Qxa4 Kg7 36. Qg4+ Kf8 37. Bh5+ Ke7 38. Rad1 a5 39. Rd7# 1-0

[Event "Challenge"]
[Site "http://www.queenalice.com/game.php?id=1627241"]
[Date "2020.9.17"]
[Round "-"]
[White "oldmoreton"]
[Black "Mikalus"]
[Result "0-1"]
[WhiteElo "1105"]
[BlackElo "1828"]

1. d4 d5 2. e3 e6 3. Nf3 c5 4. c3 c4 5. Na3 a6 6. g3 Nf6 7. Bg2 b5 8. O-O Be7 9.
Ne5 O-O 10. Qc2 Qc7 11. e4 Bb7 12. b3 Nxe4 13. Bxe4 dxe4 14. bxc4 f6 15. Ng4
bxc4 16. Qe2 Bd5 17. Ne3 Rc8 18. Nxd5 exd5 19. f3 f5 20. fxe4 fxe4 21. Qh5 Nc6
22. Qxd5+ Kh8 23. Qxe4 Re8 24. Nxc4 Bf6 25. Qg4 Ne7 26. Ne3 Qxc3 27. Rb1 Bxd4
28. Qg5 Ng6 29. Rb3 Qc5 30. h4 Re5 31. Qg4 Bxe3+ 32. Bxe3 Rxe3 33. Kg2 Rae8 34.
Qd7 Qc2+ 35. Rf2 Re2 36. Rxe2 Qxe2+ 37. Kh3 h6 38. Rb6 Qf1+ 39. Kg4 Ne5+ 40. Kh5
Nxd7 41. Rxa6 Qxa6 0-1

[Event "1V1"]
[Site "http://www.queenalice.com/game.php?id=1627909"]
[Date "2020.9.23"]
[Round "-"]
[White "oldmoreton"]
[Black "Donyelko"]
[Result "0-1"]
[WhiteElo "1107"]
[BlackElo "2024"]

1. d4 g6 2. e4 Bg7 3. e5 c5 4. c3 cxd4 5. cxd4 d6 6. Nf3 dxe5 7. dxe5 Qxd1+ 8.
Kxd1 a6 9. Bd2 Nc6 10. Bc3 Bg4 11. Nd2 Bxe5 12. h3 Bxc3 13. bxc3 Bxf3+ 14. Nxf3
Nf6 15. Kc2 O-O 16. Bd3 Rac8 17. Rab1 b5 18. a3 Nd5 19. Rhe1 e6 20. Ne5 Nxe5 21.
Rxe5 Rxc3+ 22. Kd2 Rxa3 23. Be4 Nc3 24. Rc1 Nxe4+ 25. Rxe4 Rd8+ 26. Ke1 a5 27.
Rd1 Rxd1+ 28. Kxd1 Ra2 29. Rf4 b4 30. Kc1 b3 31. Kb1 g5 32. Rf3 a4 33. g4 Kg7
34. Kc1 Kg6 35. Rd3 h5 36. Rd2 Rxd2 37. Kxd2 hxg4 38. hxg4 f5 39. f3 fxg4 40.
fxg4 b2 41. Kc2 e5 42. Kxb2 e4 43. Ka3 e3 44. Kxa4 e2 0-1

[Event "AUTO-BEG-673"]
[Site "http://www.queenalice.com/game.php?id=1627963"]
[Date "2020.9.24"]
[Round "1"]
[White "Kuroi"]
[Black "oldmoreton"]
[Result "1-0"]
[WhiteElo "1534"]
[BlackElo "1141"]

1. e4 e5 2. Nf3 d6 3. Nc3 Nf6 4. g3 Nc6 5. Bg2 Bg4 6. O-O Nd4 7. h3 Bh5 8. g4
Bg6 9. d3 Nxf3+ 10. Qxf3 Qd7 11. b3 O-O-O 12. Bg5 Be7 13. a4 h5 14. d4 hxg4 15.
hxg4 Nxg4 16. Bxe7 Qxe7 17. Qxg4+ Qe6 18. Qxe6+ fxe6 19. d5 exd5 20. Nxd5 Rde8
21. f3 c6 22. Ne3 d5 23. exd5 cxd5 24. Nxd5 a5 25. Nb6+ Kc7 26. Nd5+ Kc6 27. f4
Re6 28. Ne3+ Kc7 29. c4 exf4 30. Nd5+ 1-0

[Event "AUTO-BEG-673"]
[Site "http://www.queenalice.com/game.php?id=1627964"]
[Date "2020.9.24"]
[Round "1"]
[White "oldmoreton"]
[Black "Kuroi"]
[Result "0-1"]
[WhiteElo "1145"]
[BlackElo "1516"]

1. d4 d5 2. e3 Nf6 3. Nf3 e6 4. Nc3 g6 5. Bb5+ c6 6. Bd3 Bg7 7. O-O O-O 8. e4
dxe4 9. Nxe4 Nd5 10. g3 b5 11. c4 bxc4 12. Bxc4 Ba6 13. Bxa6 Nxa6 14. b3 Nab4
15. Ba3 a5 16. Rc1 Qb6 17. Rc5 Nxa2 18. Qa1 Qxb3 19. Bc1 Qxf3 20. Qxa2 Qxe4 21.
Bb2 Bxd4 22. Bxd4 Qxd4 23. Rxa5 Nc7 24. Ra4 Rxa4 25. Qc2 c5 26. Rd1 Ra1 0-1

[Event "AUTO-BEG-673"]
[Site "http://www.queenalice.com/game.php?id=1627989"]
[Date "2020.9.24"]
[Round "1"]
[White "playagain"]
[Black "oldmoreton"]
[Result "0-1"]
[WhiteElo "1416"]
[BlackElo "1129"]

1. c4 e5 2. g3 Nc6 3. Bg2 Nf6 4. Nc3 b6 5. e4 Bc5 6. Nge2 O-O 7. b3 Ng4 8. O-O
Qf6 9. Bh3 Nxf2 10. Qe1 Nxh3+ 11. Kg2 Nf2 12. Nd5 Qg6 13. Ne3 Nd3 14. Qd1 Qxe4+
15. Rf3 Nxc1 16. Rxc1 Nd4 17. Nxd4 exd4 18. d3 Qc6 19. Nf5 Re8 20. Qd2 d6 21.
Qg5 g6 22. Nh6+ Kg7 23. Kf2 Be6 24. Qf4 f5 25. g4 d5 26. gxf5 Rf8 27. Ng4 Bxf5
28. Re1 Bxg4 29. Qxg4 Rxf3+ 30. Kxf3 dxc4+ 31. Re4 Rf8+ 32. Kg3 Re8 33. bxc4
Rxe4 34. dxe4 Bd6+ 35. Kf3 Qxc4 0-1

[Event "AUTO-BEG-673"]
[Site "http://www.queenalice.com/game.php?id=1627990"]
[Date "2020.9.24"]
[Round "1"]
[White "oldmoreton"]
[Black "playagain"]
[Result "0-1"]
[WhiteElo "1154"]
[BlackElo "1417"]

1. d4 Nf6 2. e3 g6 3. Nf3 Bg7 4. Bd3 d5 5. O-O b6 6. c3 Bb7 7. Nbd2 O-O 8. b4 e6
9. Ne5 Qd6 10. e4 Nbd7 11. exd5 exd5 12. Ndf3 Nxe5 13. dxe5 Qc6 14. Bb2 Ng4 15.
Re1 Rae8 16. b5 Qc5 17. Re2 Nxe5 18. c4 dxc4 19. Rc2 Qxb5 20. Be2 Rd8 21. Nd2
Qc6 22. Bf3 Nxf3+ 23. Qxf3 Qxf3 24. Nxf3 Bxf3 25. Bxg7 Kxg7 26. gxf3 b5 27. Re1
Rd5 28. Re7 Rc8 29. Kf1 a6 30. Ke2 Rh5 31. Rd2 Kf6 32. Rdd7 Re5+ 33. Rxe5 Kxe5
34. Rxf7 Rd8 35. Rxh7 c3 36. Rxc7 Rd2+ 37. Ke3 b4 38. Ra7 Rxa2 39. Kd3 c2 40.
Kd2 b3 41. Rc7 Rb2 42. Kc1 Rb1+ 43. Kd2 Rd1+ 44. Ke3 c1=Q+ 0-1

[Event "Castling early is for amateurs"]
[Site "http://www.queenalice.com/game.php?id=1628479"]
[Date "2020.9.29"]
[Round "-"]
[White "Donyelko"]
[Black "oldmoreton"]
[Result "1-0"]
[WhiteElo "2038"]
[BlackElo "1103"]

1. c4 c5 2. Nc3 Nf6 3. g3 Nc6 4. Bg2 g6 5. Nf3 Bh6 6. O-O O-O 7. Re1 Rb8 8. d4
cxd4 9. Bxh6 Re8 10. Nd5 Ng4 11. Bg5 f6 12. Bc1 f5 13. Nxd4 Nge5 14. b3 e6 15.
Nc3 Ng4 16. e4 Nxd4 17. Qxd4 b6 18. Bb2 Ba6 19. exf5 exf5 20. Nb5 Bxb5 21. Qg7#
1-0

[Event "the end is nigh...."]
[Site "http://www.queenalice.com/game.php?id=1628700"]
[Date "2020.10.1"]
[Round "-"]
[White "oldmoreton"]
[Black "Mikalus"]
[Result "0-1"]
[WhiteElo "1156"]
[BlackElo "1840"]

1. Nf3 d5 2. d4 e6 3. e3 c5 4. c3 Nc6 5. Bb5 Bd7 6. Qa4 a6 7. Bd3 b5 8. Qa3 c4
9. b4 cxd3 10. O-O a5 11. Qb2 axb4 12. cxb4 Nxb4 13. Ne5 Nc2 14. Na3 Nxa1 15.
Qxa1 Bxa3 16. Bd2 b4 17. g3 Nf6 18. Nxd3 O-O 19. Nxb4 Ne4 20. Be1 Qe7 21. f3
Bxb4 22. Bxb4 Qxb4 23. fxe4 dxe4 24. Rb1 Qd2 25. Rb7 Rxa2 26. Qf1 Qxh2# 0-1

[Event "Check, capture, threat."]
[Site "http://www.queenalice.com/game.php?id=1628819"]
[Date "2020.10.2"]
[Round "-"]
[White "oldmoreton"]
[Black "Donyelko"]
[Result "0-1"]
[WhiteElo "1147"]
[BlackElo "2032"]

1. Nc3 c5 2. b3 d5 3. Bb2 e5 4. Nf3 d4 5. Nb5 a6 6. Na3 Nc6 7. Nc4 e4 8. Nfe5
Qd5 9. Nxc6 Qxc6 10. g3 e3 11. f3 Nf6 12. Na5 Qe6 13. c4 b6 14. dxe3 bxa5 15.
Bg2 Qxe3 16. Bc1 Qe6 17. f4 Rb8 18. O-O Be7 19. f5 Qd7 20. Bf4 Bd6 21. Qc1 O-O
22. Qa3 Bxf4 23. gxf4 Qxf5 24. Qxa5 Ng4 25. Qc7 Be6 26. h3 Ne3 27. Rf2 Nxg2 28.
Kxg2 Qxh3+ 29. Kg1 Bf5 30. Qe5 Rfe8 31. Qd5 Be4 32. Rh2 Qg3+ 33. Rg2 Qxg2# 0-1

[Event "Challenge"]
[Site "http://www.queenalice.com/game.php?id=1629530"]
[Date "2020.10.10"]
[Round "-"]
[White "Donyelko"]
[Black "oldmoreton"]
[Result "1-0"]
[WhiteElo "1902"]
[BlackElo "1143"]

1. g3 g6 2. Bg2 Bg7 3. d4 Nf6 4. Nf3 d6 5. O-O Bg4 6. Re1 O-O 7. e4 c6 8. Nc3
Qb6 9. Qd3 Bxf3 10. Bxf3 h5 11. Na4 Qa5 12. Nc3 Na6 13. a3 Rab8 14. Bd2 Rfc8 15.
b4 Qb6 16. Ne2 e5 17. c3 Re8 18. Be3 Rbc8 19. dxe5 Qc7 20. exf6 Bxf6 21. Bxa7 c5
22. b5 Ra8 23. bxa6 Rxa7 24. axb7 Rd8 25. Reb1 Bg7 26. Qb5 Be5 27. b8=Q Rxb8 28.
Qxb8+ Kg7 29. Qxc7 Rxc7 30. a4 1-0